<?xml version="1.0" encoding="UTF-8"?>
<marc:record xmlns:marc="http://www.loc.gov/MARC21/slim">
   <marc:leader>00000nam a2200000 a 4500</marc:leader>
   <marc:datafield ind1="1" ind2=" " tag="100">
      <marc:subfield code="a">Leopold Ernst &lt;Passau, Bischof&gt;</marc:subfield>
   </marc:datafield>
   <marc:datafield ind1=" " ind2="1" tag="264">
      <marc:subfield code="c">1765</marc:subfield>
   </marc:datafield>
   <marc:datafield ind1="1" ind2=" " tag="520">
      <marc:subfield code="a">Druckermarke am Titelbl., Zierkupferstiche, Verzierungen und Zierinitialen im Text, brauner Ganzledereinband, gemusterte Dublüre, Buchrücken mit 5 Bünden, fleuralen Goldverzierungen und hell- und dunkelbraunem Titelschild "de la Rue Lob u. Trauer-Reden" "I. Theil." in Goldbuchstaben, roter Blattschnitt</marc:subfield>
   </marc:datafield>
   <marc:datafield ind1=" " ind2=" " tag="041">
      <marc:subfield code="a">ger</marc:subfield>
   </marc:datafield>
   <marc:datafield ind1="0" ind2=" " tag="490">
      <marc:subfield code="v">1.</marc:subfield>
   </marc:datafield>
   <marc:datafield ind1=" " ind2=" " tag="300">
      <marc:subfield code="a">[8] Bl., 318 S.</marc:subfield>
   </marc:datafield>
</marc:record>
